000 00277nam a22001217a 4500
008 190205b xxu||||| |||| 00| 0 eng d
041 _aeng
080 _a510
100 _a36
101 _aMAT
245 _aNumber Systems An Intuitive Approach
_cHutton,R.L
942 _2udc
_cBK
999 _c54025
_d54025